000 00830nam a22001817a 4500
005 20251103132850.0
100 _aNghia, N.A.
245 _aStudy of fungicides to substitute carbendazim for the control of Oidium leaf fall disease (Oidium heveae) on rubber tree (Hevea brasiliensis)
260 _bNatural Rubber Industry: Way forward for the Competitiveness and Sustainability: Proceedings of the International Rubber Conference 2019, 30 September- 1st October 2019, International Rubber Research and Development Board and Myanmar Rubber Planters and Producers Association, Nai Pyi Taw, Myanmar, pp. 246-254.
_c2022
650 _aAzoxystrobin
650 _aCarbendazim
650 _aHexaconazole
650 _aOidium leaf fall disease
700 _aChi, V.T.Q.
700 _aMai, N.N.
700 _aKim, N.T.
942 _cAR
999 _c75733
_d75733